MARC

LEADER 00000nam0a2200000 4500
001 256057
005 20231101233100.0
020 |a RU  |b 87-84223 
035 |a (RuTPU)RU\TPU\book\278698 
090 |a 256057 
100 |a 20140404d1987 m a0rusy5003 ca 
101 0 |a rus 
102 |a UA 
105 |a a j 001zy 
200 1 |a Курс органической химии  |e учебник для вузов  |f В. Г. Дрюк, М. С. Малиновский 
210 |a Киев  |c Вища школа  |d 1987 
215 |a 399 с.  |c ил. 
320 |a Библиогр.: с. 397 (23 назв.) 
320 |a Предм. указ.: с. 393-396. 
606 1 |a Органическая химия  |2 stltpush  |3 (RuTPU)RU\TPU\subj\47309  |9 66362 
610 1 |a учебники 
610 1 |a теоретические основы 
610 1 |a соединения 
610 1 |a реакционная способность 
610 1 |a органические соединения 
610 1 |a синтез 
610 1 |a бензол 
610 1 |a многоядерные системы 
675 |a 547(075.8)  |z rus 
700 1 |a Дрюк  |b В. Г.  |g Валерий Григорьевич 
701 1 |a Малиновский  |b М. С.  |g Михаил Сергеевич 
801 0 |a RU  |b RuMRKP  |c 19950417  |g psbo 
801 1 |a RU  |b 63413507  |c 20140404 
801 2 |a RU  |b 63413507  |c 20141013  |g RCR 
942 |c BK